Nonsmooth vector functions and continuous optimization

Αποθηκεύτηκε σε:
Λεπτομέρειες βιβλιογραφικής εγγραφής
Κύριος συγγραφέας: Jeyakumar, Vaithilingam
Άλλοι συγγραφείς: Dinh, The Luc, 1952-
Μορφή: Βιβλίο
Γλώσσα:English
Δημοσίευση: New York : Springer, c2008.
Σειρά:Springer optimization and its applications ; v. 10
Θέματα:
Ετικέτες: Προσθήκη ετικέτας
Δεν υπάρχουν, Καταχωρήστε ετικέτα πρώτοι!

MARC

LEADER 00000cam a2200000 i 4500
001 1/89242
008 080619s2008 nyu| ||| |||| ||eng||
020 |a 9780387737164  
020 |a 9780387737171  |q (e-ISBN) 
035 |l 10098320 
040 |a GR-MyUa  |b gre  |e AACR2 
041 0 |a eng 
082 7 |a 515.8   |2 (22) 
100 1 |a Jeyakumar, Vaithilingam. 
245 1 0 |a Nonsmooth vector functions and continuous optimization /   |c By V. Jeyakumar, D.T. Luc. 
260 |a New York :   |b Springer,   |c c2008. 
300 |a x, 269 σ. ;   |c 24 εκ. 
490 1 |a (Optimization and its applications ;   |v v. 10) 
504 |a Βιβλιογραφία: σ. [255]-264. Ευρετήριο. 
650 0 0 |a Nonsmooth optimization. 
650 0 0 |a Vector valued functions. 
650 0 0 |a Mathematical optimization. 
700 1 |a Dinh, The Luc,   |d 1952- 
830 0 |a Springer optimization and its applications ;  |v v. 10 
852 |a INST  |b SYROS  |e 20080619  |h 515.8 JEY  |p 005500005786  |q 005500005786  |t BK  |y 0 
901 |a BIBL5-2008-2 
922 |a 5ΕΛΗ  |b 200803  |c ΕΠΕΑΕΚ2/ΤΜΣΠΣ  |d ΠΑΠΑΣΩΤΗΡΙΟΥ 
970 |a ΚΑΓΙΑΒΑ  |b ΕΙΡΗΝΗ  |z 2008/06/19